Albums Biggest Streaming Debuts (Female Only) - Statistics

General Stats
  • This quiz has been taken 11 times
  • The average score is 20 of 25
Answer Stats
Artist Debut Streams Answer % Correct
Adele 60.9 Million 30
100%
Taylor Swift 80.6 Million folklore
100%
Taylor Swift 176 Million 1989 (Taylor's Version)
90%
Beyoncé 76.5 Million COWBOY CARTER
90%
Olivia Rodrigo 60.9 Million GUTS
90%
Taylor Swift 186 Million Midnights
90%
Taylor Swift 91 Million Red (Taylor's Version)
90%
Olivia Rodrigo 63.2 Million SOUR
90%
Taylor Swift 250.9 Million The Life of a Showgirl
90%
Ariana Grande 59.1 Million eternal sunshine
80%
Taylor Swift 67.4 Million evermore
80%
Taylor Swift 54.9 Million Lover
80%
Sabrina Carpenter 58 Million Short 'n Sweet
80%
Taylor Swift 126 Million Speak Now (Taylor's Version)
80%
Ariana Grande 70.2 Million thank u, next
80%
Taylor Swift 50.8 Million Fearless (Taylor's Version)
70%
Billie Eilish 73.6 Million HIT ME HARD AND SOFT
70%
Sabrina Carpenter 65 Million Man's Best Friend
70%
Lady Gaga 45.7 Million MAYHEM
70%
Ariana Grande 58.7 Million Positions
70%
SZA 68.7 Million SOS
70%
Taylor Swift 314 Million The Tortured Poets Department
70%
Billie Eilish 47 Million When We All Fall Asleep, Where Do We Go?
70%
Beyoncé 43.3 Million RENAISSANCE
60%
Lady Gaga 48.3 Million Chromatica
50%
No matching quizzes found
Score Distribution
Percent of People with Each Score
Percentile by Number Answered
Your Score History
You have not taken this quiz